| 000 | 00435cam a2200181 4500 | ||
|---|---|---|---|
| 001 | D6825 | ||
| 008 | 090401t1979 xxu||||| |||| 00| 0 eng d | ||
| 035 | _a(Sirsi) u3387 | ||
| 041 | _aeng | ||
| 050 | _a526.8 | ||
| 100 | _aMcDonnell, Porter W | ||
| 245 | _aIntroduction to map projections | ||
| 260 |
_aNew York _bMarcel Dekker _c1979 |
||
| 300 | _avii. 174p. ill. maps. 28cm | ||
| 350 | _a19 | ||
| 942 | _n0 | ||
| 948 | _c04/03/1997 | ||
| 999 |
_c85876 _d85876 |
||